SUSTAINABLE parking design & management National Parking Association and the International Parking Institute
Saved in:
| Format: | Bog |
|---|---|
| Sprog: | engelsk |
| Udgivet: |
National Parking Association and International Parking Institute
2014
|
| Tags: |
Tilføj Tag
Ingen Tags, Vær først til at tagge denne postø!
|
MARC
| LEADER | 00000nam a22000007a 4500 | ||
|---|---|---|---|
| 008 | 201210b ||||| |||| 00| 0 eng d | ||
| 020 | |a 978-0-615-91450-3 | ||
| 245 | |a SUSTAINABLE parking design & management |b National Parking Association and the International Parking Institute |c National Parking Association and the International Parking Institute |g 187p.; ill | ||
| 260 | |b National Parking Association and International Parking Institute |c 2014 |h Washington, DC |i 687093 |i 687094 |l TL175 .Su8 |m Parking facilities– Design and construction–Handbooks, manuals | ||
| 942 | |a lcc |c REF |e ADEYEYE Y. S. |f 10/12/2020 | ||
| 952 | |0 0 |1 0 |2 lcc |4 0 |6 TL0175 S U8 |7 0 |9 395 |a HOL |b HOL |c QZ |d 2020-12-10 |l 0 |o TL175 .Su8 |p 2020-2128 |r 2020-12-10 00:00:00 |w 2020-12-10 |y REF | ||
| 999 | |c 193 |d 193 | ||